000 00562nam a2200181Ia 4500
003 GCL
008 140319s9999 xx 000 0 ara d
040 _aGCL /
_cGCL
082 0 4 _a413
_bع ت
100 1 _aعبدالسلام محمد هارون
245 1 0 _aتحقيقات وتنبيهات فى معجم لسان العرب /
_cعبدالسلام محمد هارون
300 _a539
490 _aكتاب
_v0
650 0 4 _aالمعاجم
650 0 4 _aاللغة العربية - تاريخ ونقد
650 0 4 _aلسان العرب
942 _2ddc
_cBK
999 _c41763
_d41763